000 00565nam a2200205Ia 4500
005 20250508150613.0
008 008 250505s9999 xx 000 0 eng d
037 _aTextual
040 _aFEDL
_beng
_cFEDL
041 _aeng
_2eng
084 _a420.7, MEN
_qFEDL
100 _aMenzel Emil W
_992309
245 0 _aTeaching of reading in India
260 _aLondon, UK
_bOxford Univeristy Press
_c1944
300 _avi,183p
365 _aINR
_b2.8
490 _aTeaching in India Series
942 _cTEXL
_h420.7, MEN
999 _c1324530
_d1324530